000
00269nam a2200121Ia 4500
008
191201s2007 xx 000 0 und d
100
_a
ICFAI
245
0
_a
Case Studies in Finance
260
_a
N.Delhi
_b
ICFAI
_c
2007
300
_a
314
650
_a
MBA
942
_2
ddc
_c
BK
999
_c
3328
_d
3328